| 000 | 00681nam a2200205Ia 4500 | ||
|---|---|---|---|
| 005 | 20250103123328.0 | ||
| 008 | 008 250103s9999 xx 000 0 hin d | ||
| 020 | _a978-93-5518-320-0 | ||
| 037 | _aTB | ||
| 040 |
_aCRL _bhin _cCRL |
||
| 041 |
_ahin _2hin |
||
| 084 |
_aNW44 152R2 _qCRL |
||
| 100 | _aराय, अजित, ले. | ||
| 245 | 0 |
_aबॉलीवुड की बुनियाद _cराय, अजित, ले. |
|
| 260 |
_aनई दिल्ली, भारत _bवाणी प्रकाशन _c2022 |
||
| 300 | _a112पृ0 | ||
| 650 |
_aललित कला _9156314 |
||
| 942 |
_cTB _hNW44 152R2 |
||
| 999 |
_c1234387 _d1234387 |
||